Ultimate Car logos quiz - Statistics

General Stats
  • This quiz has been taken 214 times
    22 since last reset
  • The average score is 61 of 133
Answer Stats
Picture Answer % Correct
Aston martin
81%
Audi
81%
BMW
81%
Ferrari
81%
Ford
81%
Honda
81%
Jaguar
81%
Abarth
75%
Alfa romeo
75%
Bentley
75%
Bugatti
75%
Cadillac
75%
Chevrolet
75%
Citroën
75%
Corvette
75%
Dodge / Ram
75%
Fiat
75%
Hyundai
75%
Jeep
75%
Kia
75%
Lamborghini
75%
Lexus
75%
Lincoln
75%
Maseratti
75%
Mazda
75%
Mclaren
75%
Mercedes
75%
MG
75%
Mini
75%
Mitsubishi
75%
Mustang
75%
Nissan
75%
Porsche
75%
Rolls-Royce
75%
Subaru
75%
Suzuki
75%
Tesla
75%
Toyota
75%
Volkswagen
75%
Volvo
75%
Buick
69%
Infiniti
69%
Opel
69%
Shelby
69%
Skoda
69%
AC
63%
Acura
63%
Chrysler
63%
koenigsegg
63%
Pontiac
63%
Renault
63%
SEAT
63%
Smart
63%
Vauxhall
63%
GMC
56%
Hummer
56%
Land rover
56%
Lotus
56%
Mercury
56%
Peugeot
56%
Saab
56%
Saturn
56%
Scion
56%
Daewoo
50%
Holden
50%
KTM
50%
Maybach
50%
Daihatsu
44%
DS
44%
Genesis
44%
Pagani
44%
Polestar
44%
Alpine
38%
Apollo
38%
Brabus
38%
Cupra
38%
SsangYong
38%
Tata
38%
BYD
31%
Dacia
31%
Datsun
31%
Hennessy
31%
Isuzu
31%
Lada
31%
Lancia
31%
Rimac
31%
SSC
31%
TVR
31%
Zenvo
31%
De Lorean
25%
DeTomaso
25%
Eagle
25%
Fisker
25%
Geely
25%
Lucid
25%
Nobel
25%
Oldsmobile
25%
Spyker
25%
Wuling
25%
Hudson
19%
Iveco
19%
Lynk & Co
19%
Qoros
19%
Rover
19%
Talbot
19%
UAZ
19%
Xpeng
19%
Zeekr
19%
Aiways
13%
Austin
13%
Autobianchi
13%
Bitter
13%
Caterham
13%
Daimler
13%
Hongqi
13%
Landwind
13%
Leapmotors
13%
Mahindra
13%
Marcos
13%
Morgan
13%
Nio
13%
Plymouth
13%
Think
13%
VinFast
13%
Westfield
13%
Wiesmann
13%
Zimmer
13%
Brabham
6%
Donkervoort
6%
Lightyear
6%
Zenos
6%
Seres
0%
Voyah
0%
No matching quizzes found
Score Distribution
Percent of People with Each Score
Percentile by Number Answered
Your Score History
You have not taken this quiz since the last reset